000 01079cam a2200277Ia 45 0
001 u212031
003 SIRSI
008 100628s2012 ua a b 000 0 eng d
040 _aEAL
041 _aeng
_bara
090 _aCD-3549
100 1 _aAbd-Allah, Reda Rady Hassan.
245 1 0 _aEfficiency of some entomopathogenic bacteria as one of alternative insecticides
_h[computer file]/
_cReda Rady Hassan Abd-Allah.
246 1 5 _aكفاءة بعض المسببات المرضية البكتيرية كأحد بدائل المبيدات الحشراية.
260 _c2012
300 _aComputer laser optical disk;
_c4 3/4 in.
502 _aThesis (Ph. D.) -- Mansoura University, 2012.
504 _aIncludes bibliographical references (leaves 90-101)
538 _aSystems requirements: Adobe Reader.
546 _aSummary in Arabic.
650 0 _aMicrobial insecticides.
650 0 _aInsect pests
_xBiological control.
856 4 0 _uhttp://nile.enal.sci.eg/thesis/3549.pdf
_zContent & Abstract.
596 _a1
942 _cETH
_2lcc
999 _c17855
_d17855